Teatro del Norte (Record no. 131464)
[ view plain ]
| 000 -LEADER | |
|---|---|
| fixed length control field | 00674nam a22001937a 4500 |
| 005 - DATE AND TIME OF LATEST TRANSACTION | |
| control field | 20170329110249.0 |
| 008 - FIXED-LENGTH DATA ELEMENTS--GENERAL INFORMATION | |
| fixed length control field | 170329b mx ||||| |||| 00| 0 spa d |
| 050 04 - LIBRARY OF CONGRESS CALL NUMBER | |
| Classification number | PN2315.M58 |
| Item number | T43 2002 |
| 245 00 - TITLE STATEMENT | |
| Title | Teatro del Norte |
| Remainder of title | : Antología |
| Statement of responsibility, etc | / Demetrio Ávila ...[et al.]. |
| 250 ## - EDITION STATEMENT | |
| Edition statement | 1a ed. |
| 260 ## - PUBLICATION, DISTRIBUTION, ETC. (IMPRINT) | |
| Place of publication, distribution, etc | Tijuana, B. C. México : |
| Name of publisher, distributor, etc | Consejo Nacional Para la Cultura y las Artes, |
| Date of publication, distribution, etc | 2002 |
| 300 ## - PHYSICAL DESCRIPTION | |
| Extent | v. ; |
| Dimensions | 21 cm. |
| 650 #4 - SUBJECT ADDED ENTRY--TOPICAL TERM | |
| General subdivision | Teatro |
| Geographic subdivision | México |
| -- | Baja California |
| 650 #4 - SUBJECT ADDED ENTRY--TOPICAL TERM | |
| Topical term or geographic name as entry element | Teatro |
| General subdivision | Frontera |
| Geographic subdivision | México |
| -- | Estados Unidos |
| 700 1# - ADDED ENTRY--PERSONAL NAME | |
| Personal name | Cantú Toscano, Mario., |
| Relator term | coaut. |
| 700 1# - ADDED ENTRY--PERSONAL NAME | |
| Personal name | Meléndez, Agustín., |
| Relator term | coaut. |
| 700 1# - ADDED ENTRY--PERSONAL NAME | |
| Personal name | Heraclio, Luis., |
| Relator term | coaut. |
| 942 ## - ADDED ENTRY ELEMENTS (KOHA) | |
| Source of classification or shelving scheme | Biblioteca del Cogreso de los Estados Unidos |
| Koha item type | Libro |
| Estado de pérdida | Fuente de clasificación | Estado del daño | No para préstamo | Ubicación permanente | Ubicación actual | Apartado o colección | Fecha de adquisición | Fuente de adquisición | Edición | Área del conocimiento | Clasificación | Código de Barras | Date last seen | Número de copia | Tipo de recurso |
|---|---|---|---|---|---|---|---|---|---|---|---|---|---|---|---|
| Biblioteca del Cogreso de los Estados Unidos | Biblioteca de la Facultad de Bellas Artes | Biblioteca de la Facultad de Bellas Artes | General | 29/03/2017 | Donación | 1a ed. | Educación y Humanidades | PN2315.M58 T43 2002 | BBA000002071 | 29/03/2017 | C : 1 V- 2 | Libro | |||
| Biblioteca del Cogreso de los Estados Unidos | Biblioteca de la Facultad de Bellas Artes | Biblioteca de la Facultad de Bellas Artes | General | 29/03/2017 | Donación | 1a ed. | Educación y Humanidades | PN2315.M58 T43 2002 | BBA000002072 | 29/03/2017 | C : 1 V - 3 | Libro | |||
| Biblioteca del Cogreso de los Estados Unidos | Biblioteca de la Facultad de Bellas Artes | Biblioteca de la Facultad de Bellas Artes | General | 29/03/2017 | Donación | 1a ed. | Educación y Humanidades | PN2315.M58 T43 2006 | BBA000002073 | 29/03/2017 | C : 1 V - 6 | Libro |